| 000 | 01555nam0a2200337 4500 | ||
|---|---|---|---|
| 001 | RU\NLR\bibl\1697707 | ||
| 005 | 20260405215721.0 | ||
| 010 |
_a978-5-903717-04-0 _91500 |
||
| 021 |
_aRU _b2010-77136 _95142 |
||
| 035 | _a(NLR Aleph) 001688795 | ||
| 090 |
_a1147611 _c1147611 |
||
| 100 | _a20101111d2010 |||y0rusy50 ca | ||
| 101 | 0 | _arus | |
| 102 | _aRU | ||
| 105 | _aa ||||||||| | ||
| 200 | 1 |
_aНательные кресты, крестовключенные и крестовидные подвески _fС.Н. Кутасов, А.Б. Селезнев _gпод ред. д.ист.н. А.К. Станюковича |
|
| 210 |
_aМосква _cГруппа "ИскателИ" _d2010 |
||
| 215 |
_a319 с. _cил. _d30 |
||
| 225 | 1 |
_aКоллекция Кутасова _eКК _vВып. 1 _iКресты |
|
| 606 | 1 |
_aДекоративно-прикладное искусство христианское _92616270 _3RU\NLR\auth\661552829 |
|
| 606 | 1 |
_aКресты нательные _92507132 _3RU\NLR\auth\661486563 |
|
| 686 | _aЩ123(0) | ||
| 686 | _aЭ372.24-56 | ||
| 700 | 1 |
_aКутасов _bС. Н. _4070 |
|
| 701 | 1 |
_4070 _7ca _8rus _aСелезнев _bА. Б. _cканд. ист. наук _f1965- _gАлексей Борисович _981127 _3RU\NLR\auth\7798201 |
|
| 801 | 0 |
_aRU _bNLR _c20101111 _gRCR |
|
| 801 | 1 |
_aRU _bNLR _c20101111 |
|
| 942 | _cBOOK | ||
| 980 | _aNB | ||